Collins Pocket. Español - Inglés English - Espanish. (Registro nro. 2105)

Detalles MARC
000 -LEADER
fixed length control field 00912nam a2200241 a 4500
005 - FECHA ULTIMA MODIFICACION
control field 20240807100945.0
008 - CAMPO DE CONTROL (LIBRO)
fixed length control field 141117t2012||||sp ||||g |||| 000 0 spa d
020 ## - INTERNATIONAL STANDARD BOOK NUMBER
ISBN 9502803000
041 ## - CODIGO DE IDIOMA
Código de idioma del texto/pista de sonido o título separado spa
092 ## - SIGNATURA TOPOGRAFICA DEWEY LOCAL
número de clasificación 413
libristica 16
sección DIC
130 1# - ENTRADA PRINCIPAL-TITULO UNIFORME
Título uniforme Diccionario Collins Pocket. Diccionario bilingüe.
9 (RLIN) 4172
245 ## - TITULO PROPIAMENTE DICHO
Título Collins Pocket. Español - Inglés English - Espanish.
Subtítulo y Título paralelo Diccionario bilingüe /
Mención de responsabilidad y remanente de la transcripción de la portada Jeremy Butterfield
250 ## - MENCION DE EDICION
Mención de edición 17a ed.
260 ## - PIE DE IMPRENTA
Lugar de publicación, distribución, etc Buenos Aires:
Nombre de la editorial, distribuidor, etc Grijalbo;
Fecha de publicación 2012.
300 ## - DESCRIPCION FISICA
Extension 512 p.
Dimensiones 18x11 cm.
500 ## - NOTA GENERAL
Nota general Butterfield, J. (Dir.) et al. (2012). Collins Pocket. Español - Inglés English - Espanish. Diccionario bilingüe. (17a ed.). Buenos Aires : Grijalbo.
653 ## - TÉRMINO INDIZADO - PALABRAS CLAVES
Palabra clave Diccionario
700 1# - ENTRADAS SECUNDARIAS - NOMBRE PERSONAL
Nombre personal Butterfield, Jeremy
Función Dir.
9 (RLIN) 4173
700 1# - ENTRADAS SECUNDARIAS - NOMBRE PERSONAL
Nombre personal Newstead, Helen
Función Col.
9 (RLIN) 4174
700 1# - ENTRADAS SECUNDARIAS - NOMBRE PERSONAL
Nombre personal Galera, José Martín
Función Col.
9 (RLIN) 4175
700 1# - ENTRADAS SECUNDARIAS - NOMBRE PERSONAL
Nombre personal Aeppli, Emma
Función Col.
9 (RLIN) 4176
942 ## - ADDED ENTRY ELEMENTS (KOHA)
Source of classification or shelving scheme Dewey Decimal Classification
Item type Libros
Existencias
Estado de retiro Existencia Fuente de clasificación Estado general No para prestamo Ubicación permanente ubicación actual Sala de ubicación Fecha de adquisición Fuente de adquisición Costo, precio normal de compra Total Checkouts Total Renewals Número de clasificación Código de barras Date last seen Date last borrowed Número de ejemplar Price effective from Koha tipo de elemento (item) Public note Checked out Coded location qualifier
    Dewey Decimal Classification     Biblioteca Medicina Biblioteca Medicina Circulación 17/11/2014 COMPRA PROMED 3er AÑO, NOVIEMBRE 2014 90.00 35 3 413 16 DIC 3366 01/06/2026 28/05/2026 Ej.1 17/11/2014 Libros COMPRA PROMED 3er AÑO, NOVIEMBRE 2014    
    Dewey Decimal Classification     Biblioteca Medicina Biblioteca Medicina Circulación 17/11/2014 COMPRA PROMED 3er AÑO, NOVIEMBRE 2014 90.00 35 3 413 16 DIC 3367 28/05/2026 28/05/2026 Ej.2 17/11/2014 Libros COMPRA PROMED 3er AÑO, NOVIEMBRE 2014 05/06/2026  
    Dewey Decimal Classification     Biblioteca Medicina Biblioteca Medicina Circulación 15/09/2022 Donación Septiembre 2022.   4   413 16 DIC 4792 28/05/2026 28/05/2026 Ej. 3 15/09/2022 Libros Donación Septiembre 2022. 05/06/2026  
    Dewey Decimal Classification     Biblioteca Medicina Biblioteca Medicina Circulación 27/06/2025 Donación Antonella Madaf       413 16 DIC 5040 27/06/2025   Ej. 4 27/06/2025 Libros Donación Madaf, Antonella, junio 2025.    

UNIVERSIDAD NACIONAL DEL COMAHUE
Biblioteca de la Facultad de Ciencias Médicas
Sede Toschi: Los Arrayanes y Av. Toschi, Cipolletti  - Rio Negro
Sede Los Tordos:  Yrigoyen al 2211, Cipolletti - Rio Negro 

Teléfono: 0299 - 4774707 int 25
Contacto: biblioteca@facimed.uncoma.edu.ar
© 2011 - 2026